Contratos internacionales (Registro nro. 7477)

Detalles MARC
000 -LEADER
fixed length control field 01453 a2200217 4500
001 - CONTROL NUMBER
control field 61908
005 - DATE AND TIME OF LATEST TRANSACTION
control field 20260407155911.0
008 - FIXED-LENGTH DATA ELEMENTS--GENERAL INFORMATION
fixed length control field 260407a1990 arg spa d
003 - CONTROL NUMBER IDENTIFIER
control field AR-UNSa-BCEJYS
040 ## - CATALOGING SOURCE
Original cataloging agency AR-UNSa-BCEJYS
Language of cataloging spa
Transcribing agency AR-UNSa-BCEJYS
080 ## - UNIVERSAL DECIMAL CLASSIFICATION NUMBER
Universal Decimal Classification number 341.9
Common auxiliary subdivision Derecho Internacional Privado. Conflictos de Leyes
020 ## - INTERNATIONAL STANDARD BOOK NUMBER
International Standard Book Number 978-950-14-0537-8
041 ## - LANGUAGE CODE
Language code of text/sound track or separate title spa
100 1# - MAIN ENTRY--PERSONAL NAME
Personal name Boggiano, Antonio
245 10 - TITLE STATEMENT
Title Contratos internacionales
264 #1 - PRODUCTION, PUBLICATION, DISTRIBUTION, MANUFACTURE, AND COPYRIGHT NOTICE
Place of production, publication, distribution, manufacture Buenos Aires :
Name of producer, publisher, distributor, manufacturer Ediciones Depalma
Date of production, publication, distribution, manufacture, or copyright notice 1990
300 ## - PHYSICAL DESCRIPTION
Extent xiii, 166 p.
Dimensions 23 cm.
505 ## - FORMATTED CONTENTS NOTE
Formatted contents note Parte Primera: Introducción histórica y comparativa - Parte Segunda: La convención de La Haya del 22 de diciembre de 1986, sobre la ley aplicable a los contratos de compraventa internacional de mercaderías y la CIDIP-IV - Parte Tercera: La Convención de las Naciones Unidas sobre los contratos de compraventa internacional de mercaderías, Viena, 1980, y la CIDIP-IV - Parte Cuarta: De la Convención de Viena a la Convención de la Haya y a las normas de jursidicción internacional - Parte Quinta: Relaciones entre la unificación de normas materiales, la unificación de las normas de conflicto y la unificación de la normas sobre jurisdiccón internacional - Parte Sexta: Jurisdicción Internacional - Parte Séptima: Convención sobre la ley aplicable a las obligaciones contractuales de las comunidades europeas, Roma, 180 - <br/>
590 ## - LOCAL NOTE (RLIN)
Local note niveau_biblio:m niveau_hierar:0
942 ## - ADDED ENTRY ELEMENTS (KOHA)
Koha item type
Existencias
Withdrawn status Lost status Damaged status Not for loan Home library Current library Shelving location Date acquired Total checkouts Full call number Barcode Date last seen Price effective from Koha item type
        Biblioteca Prof. Eusebio Cleto del Rey Biblioteca Prof. Eusebio Cleto del Rey   07/04/2026   341.9 B674 L53813 07/04/2026 07/04/2026 Libro